Mummies Unwrapped! : (Record no. 4888)

MARC details
000 -LEADER
fixed length control field 00994nam a22002897a 4500
001 - CONTROL NUMBER
control field 4888
003 - CONTROL NUMBER IDENTIFIER
control field FISKH
005 - DATE AND TIME OF LATEST TRANSACTION
control field 20241023085417.0
008 - FIXED-LENGTH DATA ELEMENTS--GENERAL INFORMATION
fixed length control field 241023b cb ||||| |||| 00| 0 eng d
020 ## - INTERNATIONAL STANDARD BOOK NUMBER
International Standard Book Number 9780531175330
040 ## - CATALOGING SOURCE
Original cataloging agency FISKH
Language of cataloging eng
Transcribing agency FISKH
Modifying agency FISKH
050 ## - LIBRARY OF CONGRESS CALL NUMBER
Classification number GN293.G73
082 ## - DEWEY DECIMAL CLASSIFICATION NUMBER
Classification number 393.3
100 ## - MAIN ENTRY--PERSONAL NAME
Personal name Grace , N. B.
245 ## - TITLE STATEMENT
Title Mummies Unwrapped! :
Remainder of title The Science of Mummy-Making /
Statement of responsibility, etc. by N. B. Grace
260 ## - PUBLICATION, DISTRIBUTION, ETC.
Place of publication, distribution, etc. New York :
Name of publisher, distributor, etc. Scholastic ;
Date of publication, distribution, etc. 2008 .
300 ## - PHYSICAL DESCRIPTION
Extent 64 pages :
Other physical details color illustrations : map ;
Dimensions 24 cm .
490 ## - SERIES STATEMENT
Series statement 24/7 Mystery Files, 24/7: Science Behind the Scenes (Mystery Files)
505 ## - FORMATTED CONTENTS NOTE
Formatted contents note R <br/>
520 ## - SUMMARY, ETC.
Summary, etc. Describes the wide variety of ancient human corpses that are found, how they were preserved, and what archeologists can learn from them.
521 8# - TARGET AUDIENCE NOTE
Target audience note 820 <br/>
Source Lexile <br/>
521 8# - TARGET AUDIENCE NOTE
Target audience note R <br/>
Source Raz-Plus <br/>
650 ## - SUBJECT ADDED ENTRY--TOPICAL TERM
Topical term or geographic name entry element mummies
Form subdivision Juvenile Literature
650 ## - SUBJECT ADDED ENTRY--TOPICAL TERM
Topical term or geographic name entry element Embalming
Form subdivision Juvenile Literature
942 ## - ADDED ENTRY ELEMENTS (KOHA)
Source of classification or shelving scheme Dewey Decimal Classification
Koha item type Books
Suppress in OPAC No
Holdings
Withdrawn status Lost status Source of classification or shelving scheme Damaged status Not for loan Collection Home library Current library Shelving location Date acquired Total Checkouts Full call number Barcode Date last seen Price effective from Koha item type
    Dewey Decimal Classification     Non-Fiction Footprints International School Library Network Toul Kork Campus Footprints International School Library Network Toul Kork Campus TTP Secondary Non-Fiction Bookshelves 10/23/2024   GRA 393.3 GN293.G73 FISSE00328 10/23/2024 10/23/2024 Books